Filmographie Paul Thomas Anderson - Statistiques

Statistiques générales
  • Ce quiz a été pris 55 fois
  • Le résultat moyen est 7 sur 9
Statistiques - réponses
Année Films % Correct
1997 Boogie Nights
93%
1999 Magnolia
93%
2021 Licorice Pizza
89%
2007 There Will Be Blood
89%
2017 Phantom Thread
86%
2012 The Master
86%
2014 Inherent Vice
70%
2002 Punch-Drunk Love
68%
1996 Double Mise
34%
Aucun quiz correspondant
Distribution des résultats
% des personnes avec chaque résultat
Percentile par nombre de réponses
Votre historique - résultats
Vous n’avez pas pris ce quiz